| 000 | 00971cam a2200289 a 4500 | ||
|---|---|---|---|
| 001 | 16919559 | ||
| 003 | OSt | ||
| 005 | 20150408114152.0 | ||
| 008 | 110815s2012 nyua b 001 0 eng | ||
| 010 | _a 2011029316 | ||
| 020 | _a9781621002871 (softcover) | ||
| 040 |
_aDLC _cDLC _dDLC |
||
| 042 | _apcc | ||
| 050 | 0 | 0 |
_aQA274.8 _b.A53 2012 |
| 082 | 0 | 0 |
_a519.8/2 _223 _bANM |
| 245 | 0 | 0 |
_aAnalysis of min-pulse algebra / _ceditors, Ming Li, Wei Zhao. |
| 260 |
_aNew York : _bNova Science Publishers, _cc2012. |
||
| 300 |
_axiii, 66 p. : _bill. ; _c22 cm. |
||
| 504 | _aIncludes bibliographical references (p. [55]-64) and index. | ||
| 650 | 0 |
_aQueuing theory. _939954 |
|
| 650 | 0 | _aComputer networks. | |
| 700 | 1 |
_aLi, Ming, _d1955 July 16- _939955 |
|
| 700 | 1 |
_aZhao, Wei, _d1953- _939956 |
|
| 906 |
_a7 _bcbc _corignew _d1 _eecip _f20 _gy-gencatlg |
||
| 942 |
_2ddc _cDVD |
||
| 999 |
_c32138 _d266638 |
||